[Event "17th Prague Open 2018"]
[Site "Prague"]
[Date "2018.01.19"]
[Round "9"]
[White "Kareva, Natalia"]
[Black "Solozhenkin, Evgeniy"]
[Result "0-1"]
[WhiteElo "2207"]
[BlackElo "2451"]
[Annotator "TA"]
[PlyCount "68"]
[EventDate "2018.??.??"]
[EventType "swiss"]
[EventCountry "CZE"]
[SourceTitle "playchess.com"]
[Source "ChessBase"]
[SourceQuality "1"]

{[%evp 20,68,23,0,121,133,145,132,165,158,152,142,161,110,126,128,145,160,178,184,193,138,119,81,155,112,173,161,209,189,162,63,70,56,39,0,0,-112,-115,-218,-210,-288,-154,-174,-157,-143,-133,-129,-140,-492,-485]} 1. c4 e5 2. Nc3 Nf6 3. g3 d5 4. cxd5 Nxd5 5. Bg2 Nb6 6. Nf3 Nc6 7. d3 Be7 8. O-O O-O 9. a3 Be6 10. b4 f6 11. Bb2 {LiveBook: 169 Games} Nd4 {A29: English Opening: Four Knights Variation with 4 g3} (11... Qe8 $11) (11... a5 12. b5 Nd4 13. Nd2 Qc8 14. e3 Nf5 15. Rc1 a4 16. Qe2 Nd6 17. Nde4 Nf7 18. f4 Qd7 19. Nf2 exf4 20. gxf4 {1-0 (36) Van Wely,L (2657)-Van den Doel,E (2589) Amstelveen 2017}) 12. Nxd4 $16 exd4 13. Nb5 c5 {White is clearly better.} 14. bxc5 $1 ({Weaker is} 14. Bxb7 Rb8 $11) 14... Bxc5 15. Qc2 ({Stronger than} 15. Bxb7 Qd7 $15) 15... Qe7 16. Nxd4 ({Better is} 16. Bxd4 $18 Rac8 17. Bxc5 Rxc5 18. Qb2) 16... Rac8 {...Bxd4 is the strong threat.} 17. Qd1 $146 ({Predecessor:} 17. Qd2 Bg4 18. e3 Rfd8 19. Rfc1 {0-1 (42) Sazci,B (1680)-Kazantsev,N (1837) Prague 2012}) 17... Bf7 18. Bh3 Rcd8 19. Nf5 Qe8 20. Rc1 (20. Qc1 $18) 20... Na4 21. Qd2 {And now Qh6! would win.} Bh5 ({Black should play} 21... Bd5) 22. Rfe1 Bb6 {[#]} (22... Kh8 $16 {keeps fighting.}) 23. Ba1 $1 $18 {Threatens to win with Qb4.} Kh8 24. Rc4 {aiming for Qb4.} Nc5 {With the idea ...Ne4.} 25. g4 ({White should try} 25. Bc3 $18) 25... Bg6 $1 $14 {[%cal Rg6f5]} 26. Qc3 Ne6 27. e3 Qd7 (27... Ng5 $5 28. Bg2 $8 Bxf5 29. gxf5 Qb5 $11) 28. Nh4 (28. Bg2 $11) 28... Bxd3 $17 29. Rd1 (29. g5 $17 {only move.} Bxc4 30. Qxc4) 29... Qd5 $19 30. Ra4 {[#] intending Bf1.} Qb5 (30... a5 $1 $19 31. Bf1 Qb5) 31. Rb4 $17 Qa6 $36 {[%mdl 2048] Black has strong initiative.} 32. Bg2 Ba5 {[%cal Bb6a5,Ba5b4,Bb4c3][%mdl 32]} 33. Bxb7 Bxb4 34. Bxa6 $4 {[%mdl 8192]} (34. Qxb4 $17 {was the crucial defense.} Qb6 35. Qxb6 axb6 36. Bb2) 34... Bxc3 {Precision: White = 48%, Black = 35%.} 0-1

[Event "17th Prague Open 2018"]
[Site "Prague"]
[Date "2018.01.19"]
[Round "9"]
[White "Raahul V S"]
[Black "Low, Zhen Yu Cyrus"]
[Result "1-0"]
[WhiteElo "2205"]
[BlackElo "2437"]
[Annotator "TA"]
[PlyCount "75"]
[EventDate "2018.??.??"]
[EventType "swiss"]
[EventCountry "CZE"]
[SourceTitle "playchess.com"]
[Source "ChessBase"]
[SourceQuality "1"]

{[%evp 20,75,45,35,81,72,43,19,41,37,52,33,39,27,24,12,29,37,29,31,91,35,93,48,40,45,97,6,0,0,4,4,0,5,9,0,0,-12,76,77,310,316,316,316,315,314,314,306,308,308,308,272,418,418,418,367,520,512]} 1. c4 g6 2. Nc3 c5 3. Nf3 Bg7 4. d4 cxd4 5. Nxd4 Nc6 6. Nc2 Nf6 7. e4 O-O 8. Be2 d6 9. O-O Bd7 10. Be3 a6 11. Rc1 {LiveBook: 5 Games. B38: Sicilian: Maroczy Bind with 5...Bg7 and 7...0-0} (11. f3 Rc8 12. Qd2 Ne5 13. b3 b5 14. cxb5 Qc7 15. Bd4 Nxf3+ 16. Bxf3 e5 17. b6 Qb7 18. Bf2 Qc6 {1-0 (33) Georgiev,K (2631)-Ristic,N (2400) Banja Vrujci 2017}) 11... Qa5 12. f3 Rfc8 13. Qd2 {White is slightly better.} Ne5 14. b4 Qd8 15. c5 dxc5 16. bxc5 $146 ({Predecessor:} 16. Bxc5 b6 17. Bf2 b5 18. Bc5 Qc7 19. f4 Bc6 20. fxe5 Qxe5 21. Bd4 Qe6 22. Qf4 Nxe4 23. Bxg7 Kxg7 24. Nd4 {1-0 (24) Sancho Casale,J (1997)-Echarte Buil,O (2118) Aragon 2016}) 16... Be6 17. Nd4 {next Na4 is good for White.} Nc4 18. Bxc4 $1 Bxc4 19. Rfd1 {Black must now prevent Na4.} Rxc5 {[#]} (19... Qe8 $1 $14) 20. Nf5 (20. Nc6 $1 $16 {[%mdl 512]} Qxd2 (20... bxc6 21. Qxd8+) 21. Nxe7+ Kh8 22. Rxd2 (22. Bxd2 Re5 $11)) 20... Qxd2 ({Better is} 20... Rcc8 $14 21. Qb2 Qe8 22. Nxg7 Kxg7) 21. Nxe7+ $16 Kh8 22. Rxd2 Re5 (22... Ra5 $14) 23. Ncd5 (23. Na4 $1 $16) 23... Nxd5 $11 24. Nxd5 Bxd5 25. Rxd5 Rxd5 26. exd5 {[%mdl 4096] Endgame KRB-KRB} Be5 27. Bb6 Kg7 28. Bc7 Kf6 {[#]} (28... Bxc7 $1 $11 {remains equal.} 29. Rxc7 Rd8) 29. d6 $1 $16 {aiming for Rd1.} Ke6 $2 (29... Bd4+ $16 {keeps fighting.} 30. Kf1 Be5) 30. Re1 $18 Kd5 {[#]} 31. Rxe5+ $1 {[%mdl 512]} Kxe5 {KR-KB} 32. d7+ Kd4 {If Black can now play ...Kc3 this consolidates a bit.} 33. d8=R+ Rxd8 34. Bxd8 b5 35. a3 f5 (35... Kc4 {might work better.} 36. Kf2 Kb3) 36. Kf2 f4 37. Bc7 g5 {[#]} (37... Kd3 $142 38. Bxf4 a5) 38. h4 $1 {Precision: White = 54%, Black = 28%.} 1-0

[Event "17th Prague Open 2018"]
[Site "Prague"]
[Date "2018.01.19"]
[Round "9"]
[White "Makoveev, Ilya"]
[Black "Jablonicky, Martin"]
[Result "1-0"]
[WhiteElo "2196"]
[BlackElo "2330"]
[Annotator "NA"]
[PlyCount "35"]
[EventDate "2018.??.??"]
[EventType "swiss"]
[EventCountry "CZE"]
[SourceTitle "playchess.com"]
[Source "ChessBase"]
[SourceQuality "1"]
[TimeControl "40/5400+30:1800+30"]

1. e4 {[%emt 0:00:00]} g6 {[%emt 0:24:09]} 2. d4 {[%emt 0:00:05]} Bg7 {[%emt 0:00:05]} 3. Nc3 {[%emt 0:00:29]} d6 {[%emt 0:00:36]} 4. Nf3 {[%emt 0:01:19]} Bg4 {[%emt 0:00:26]} 5. Be3 {[%emt 0:01:34]} Nc6 {[%emt 0:01:38]} 6. d5 {[%emt 0:01:03]} Ne5 {[%emt 0:00:51]} 7. Be2 {[%emt 0:03:30]} Nxf3+ {[%emt 0:00:40]} 8. gxf3 {[%emt 0:02:42]} Bd7 {[%emt 0:05:54]} 9. Qd2 {[%emt 0:09:45]} Nf6 $11 {[%emt 0:00:37]} 10. O-O-O {[%emt 0:04:16]} c6 {[%emt 0:00:44]} 11. Kb1 {[%emt 0:29:00]} Qa5 {[%emt 0:00:39]} 12. Bh6 {[%emt 0:14:13]} O-O {[%emt 0:02:34]} 13. h4 {[%emt 0:06:11]} Rfe8 {[%emt 0:22:37]} 14. Bxg7 {[%emt 0:08:57]} Kxg7 {[%emt 0:00:06]} 15. h5 {[%emt 0:00:59]} Nxh5 {[%emt 0:03:53]} 16. Rdg1 {[%emt 0:01:48]} Kh8 {[%emt 0:01:07]} 17. Qh6 {[%emt 0:03:08]} Nf6 {[%emt 0:04:42]} 18. e5 {[%emt 0:01:00]} 1-0

[Event "17th Prague Open 2018"]
[Site "Prague"]
[Date "2018.01.19"]
[Round "9"]
[White "Solozhenkina, Elizaveta"]
[Black "Liu, Yi"]
[Result "0-1"]
[WhiteElo "2190"]
[BlackElo "2337"]
[Annotator "NA"]
[PlyCount "86"]
[EventDate "2018.??.??"]
[EventType "swiss"]
[EventCountry "CZE"]
[SourceTitle "playchess.com"]
[Source "ChessBase"]
[SourceQuality "1"]
[TimeControl "40/5400+30:1800+30"]

1. e4 {[%emt 0:00:00]} e6 {[%emt 0:04:36]} 2. d4 {[%emt 0:00:00]} d5 {[%emt 0:00:02]} 3. Nc3 {[%emt 0:00:00]} Nf6 {[%emt 0:00:04]} 4. e5 {[%emt 0:00:00]} Nfd7 {[%emt 0:00:04]} 5. f4 {[%emt 0:00:00]} c5 {[%emt 0:00:19]} 6. Nf3 {[%emt 0:00:00]} Nc6 {[%emt 0:00:02]} 7. Be3 {[%emt 0:00:07]} cxd4 {[%emt 0:00:20]} 8. Nxd4 {[%emt 0:00:07]} Bc5 {[%emt 0:00:02]} 9. Qd2 {[%emt 0:01:01]} O-O {[%emt 0:00:05]} 10. O-O-O {[%emt 0:00:22]} a6 {[%emt 0:00:15]} 11. Qf2 {[%emt 0:08:04]} Bxd4 {[%emt 0:00:23]} 12. Bxd4 {[%emt 0:00:05]} b5 {[%emt 0:00:05]} 13. Be3 {[%emt 0:00:11] C11: French: Classical System: 4 e5 and 4 Bg5 dxe4} Qa5 {[%emt 0:00:16]} 14. Kb1 {[%emt 0:00:28]} b4 {[%emt 0:00:11]} 15. Ne2 {[%emt 0:00:04]} Qc7 {[%emt 0:00:06]} 16. Nd4 {[%emt 0:03:29]} Nxd4 {[%emt 0:00:46] LiveBook: 19 Games} 17. Bxd4 {[%emt 0:00:04]} a5 {[%emt 0:00:07]} 18. Bb5 {[%emt 0:00:06]} Ba6 {[%emt 0:06:03]} 19. Bxd7 {[%emt 0:04:57]} Qxd7 {[%emt 0:00:52]} 20. g4 {[%emt 0:00:05]} a4 {[%emt 0:01:44] [#]} 21. f5 $146 {[%emt 0:06:15]} b3 {[%emt 0:02:43]} 22. cxb3 {[%emt 0:13:29]} axb3 {[%emt 0:01:59]} 23. a3 {[%emt 0:00:13]} Rfc8 {[%emt 0:06:15]} 24. f6 {[%emt 0:01:44]} Qc6 {[%emt 0:09:54]} 25. Rd2 {[%emt 0:07:32]} Rc7 {[%emt 0:00:15]} 26. Re1 {[%emt 0:12:07]} Rac8 {[%emt 0:00:44]} 27. Bc3 {[%emt 0:00:07] [#]} Qa4 $1 {[%emt 0:01:38]} 28. Qe3 {[%emt 0:20:18]} Rxc3 {[%emt 0:03:46]} 29. bxc3 {[%emt 0:02:18]} Qxa3 {[%emt 0:00:21]} 30. Rb2 {[%emt 0:01:20]} Ra8 $19 {[%emt 0:17:54]} 31. Kc1 {[%emt 0:00:27]} gxf6 {[%emt 0:04:15]} 32. exf6 {[%emt 0:00:36]} Kh8 {[%emt 0:00:04]} 33. g5 {[%emt 0:04:42]} Bc4 {[%emt 0:04:40]} 34. Qd2 {[%emt 0:13:08]} Qd6 {[%emt 0:02:49]} 35. Qf2 {[%emt 0:02:07]} Ra1+ {[%emt 0:01:40]} 36. Rb1 {[%emt 0:01:14]} Ra2 {[%emt 0:00:45]} 37. Qg3 {[%emt 0:00:35]} Qxg3 {[%emt 0:05:07]} 38. hxg3 {[%emt 0:00:02]} Rg2 {[%emt 0:01:22]} 39. Rh1 {[%emt 0:01:29]} e5 {[%emt 0:02:16]} 40. Rh3 {[%emt 0:00:35]} Rc2+ {[%emt 0:36:26]} 41. Kd1 {[%emt 0:30:01]} Be2+ {[%emt 0:04:09]} 42. Ke1 {[%emt 0:00:06]} b2 {[%emt 0:00:08]} 43. Rh1 {[%emt 0:00:00]} Bd3 {[%emt 0:00:00]} 0-1

[Event "17th Prague Open 2018"]
[Site "Prague"]
[Date "2018.01.19"]
[Round "9"]
[White "Storme, Isak"]
[Black "Kaasen, Tor Fredrik"]
[Result "0-1"]
[WhiteElo "2171"]
[BlackElo "2340"]
[Annotator "NA"]
[PlyCount "106"]
[EventDate "2018.??.??"]
[EventType "swiss"]
[EventCountry "CZE"]
[SourceTitle "playchess.com"]
[Source "ChessBase"]
[SourceQuality "1"]
[TimeControl "40/5400+30:1800+30"]

1. d4 {[%emt 0:00:00]} Nf6 {[%emt 0:06:02]} 2. c4 {[%emt 0:00:00]} g6 {[%emt 0:00:16]} 3. Nc3 {[%emt 0:00:00]} Bg7 {[%emt 0:00:04]} 4. e4 {[%emt 0:00:05]} d6 {[%emt 0:00:05]} 5. f3 {[%emt 0:00:07]} O-O {[%emt 0:00:54]} 6. Be3 {[%emt 0:00:07]} c6 {[%emt 0:08:04]} 7. Qd2 {[%emt 0:02:44]} Nbd7 {[%emt 0:02:42]} 8. Nge2 {[%emt 0:01:50]} a6 {[%emt 0:00:48]} 9. g4 {[%emt 0:01:29]} e5 {[%emt 0:03:26]} 10. d5 {[%emt 0:04:13]} cxd5 {[%emt 0:01:07]} 11. cxd5 {[%emt 0:01:45]} b5 {[%emt 0:00:40] E89: King's Indian: Sämisch: 6...e5 7 d5 c6 8 Nge2 cxd5} (11... h5 12. g5 Nh7 13. Nc1 f6 14. gxf6 Rxf6 15. Be2 Nc5 16. b4 Nd7 17. Nb3 Rf4 18. O-O-O Qf6 19. Kb1 Ng5 20. Bxf4 exf4 {1-0 (44) Bocharov,D (2602)-Fedorov,A (2565) Voronezh 2016}) 12. a3 {[%emt 0:01:09]} Rb8 $146 {[%emt 0:07:48]} (12... Nc5 $11 13. Qc2 Bd7) ({Find the theoretical novelty and annotate with similar games:} 12... Nb6 13. Ng3 Nfd7 14. h4 Nc5 15. Bxc5 dxc5 16. h5 Bf6 17. hxg6 fxg6 18. Qh2 Ra7 {0-1 (53) Takeda,L-Feliciano Ebert,V (2156) Santos 2010}) 13. Ng3 {[%emt 0:01:33]} Nc5 {[%emt 0:00:20]} 14. Qc2 {[%emt 0:05:37]} Qc7 {[%emt 0:06:45]} (14... Na4 $14) 15. b4 {[%emt 0:06:35]} Ncxe4 {[%emt 0:11:14]} 16. fxe4 {[%emt 0:02:17]} (16. Ngxe4 $16 Nxe4 17. fxe4) 16... Nxg4 {[%emt 0:00:30]} 17. Bd2 {[%emt 0:02:18]} f5 {[%emt 0:04:05]} 18. exf5 $2 {[%emt 0:11:35]} (18. h3 $14 {stays ahead.} Nh6 19. Qd3) 18... Qa7 {[%emt 0:07:47]} 19. O-O-O {[%emt 0:14:38]} gxf5 {[%emt 0:02:30]} 20. Nh5 {[%emt 0:07:35]} Rb7 $11 {[%emt 0:14:54]} 21. Nxg7 {[%emt 0:07:22]} Rxg7 {[%emt 0:00:38]} 22. Be2 {[%emt 0:02:19]} f4 {[%emt 0:01:34]} 23. Rhg1 {[%emt 0:09:39]} Bf5 {[%emt 0:17:17]} 24. Bd3 {[%emt 0:00:27]} Bxd3 {[%emt 0:00:52]} 25. Qxd3 {[%emt 0:00:06]} Nf2 {[%emt 0:00:04]} 26. Rxg7+ {[%emt 0:00:11]} Qxg7 {[%emt 0:00:01]} 27. Qf3 {[%emt 0:01:07]} Nxd1 {[%emt 0:00:05]} 28. Kxd1 {[%emt 0:01:09]} Qg1+ {[%emt 0:00:40]} 29. Kc2 {[%emt 0:00:04]} h5 {[%emt 0:00:36]} 30. Qxh5 {[%emt 0:01:22]} Qg2 {[%emt 0:02:06]} 31. Qh6 {[%emt 0:04:54]} f3 {[%emt 0:01:13]} 32. Qe6+ {[%emt 0:01:09]} Rf7 {[%emt 0:00:24]} 33. Ne4 {[%emt 0:00:23]} f2 {[%emt 0:00:57]} 34. Nf6+ {[%emt 0:04:29]} Kg7 {[%emt 0:00:01]} 35. Nh5+ {[%emt 0:04:30]} Kh8 {[%emt 0:00:28]} 36. Qh6+ {[%emt 0:02:09]} Kg8 {[%emt 0:00:01]} 37. Ng3 {[%emt 0:00:45]} f1=Q {[%emt 0:01:01]} 38. Nxf1 {[%emt 0:00:13]} Rxf1 {[%emt 0:00:13]} 39. Qe6+ {[%emt 0:00:22]} Rf7 {[%emt 0:00:55]} 40. Qxd6 {[%emt 0:00:35]} Qe4+ {[%emt 0:30:08]} 41. Kb2 {[%emt 0:30:31]} Qd4+ {[%emt 0:00:15]} 42. Kc2 {[%emt 0:00:13]} Qe4+ {[%emt 0:00:00]} 43. Kb2 {[%emt 0:00:00]} Qg2 {[%emt 0:00:00]} 44. Kc2 {[%emt 0:00:00]} Qxh2 {[%emt 0:00:00]} 45. Qe6 {[%emt 0:00:00]} Qh7+ {[%emt 0:00:00]} 46. Kb2 {[%emt 0:00:00]} Qf5 {[%emt 0:00:00]} 47. Qxa6 {[%emt 0:00:00]} Qd3 {[%emt 0:00:00]} 48. Qc8+ {[%emt 0:00:00]} Kh7 {[%emt 0:00:00]} 49. Qc2 {[%emt 0:00:00]} Qxc2+ {[%emt 0:00:00]} 50. Kxc2 {[%emt 0:00:00]} Rd7 {[%emt 0:00:00]} 51. Bc3 {[%emt 0:00:00]} Rxd5 {[%emt 0:00:00]} 52. Kb3 {[%emt 0:00:00]} Rd3 {[%emt 0:00:00]} 53. Kc2 {[%emt 0:00:00]} e4 {[%emt 0:00:00]} 0-1